Central Library OPAC University of Rajshahi

বাংলাদেশের উপন্যাস : (Record no. 80027)

MARC details
000 -LEADER
fixed length control field 00805nam a2200229 a 4500
001 - CONTROL NUMBER
control field 80027
003 - CONTROL NUMBER IDENTIFIER
rucl marc code BD-RjUL
005 - DATE AND TIME OF LATEST TRANSACTION
control field 20220623115053.0
008 - FIXED-LENGTH DATA ELEMENTS--GENERAL INFORMATION
fixed length control field 220623s2020 bg ||||| |||| 00| 0 ben d
020 ## - INTERNATIONAL STANDARD BOOK NUMBER
International Standard Book Number 9847000004130
035 ## - SYSTEM CONTROL NUMBER
System control number (BD-RjUL)80027
040 ## - CATALOGING SOURCE
Original cataloging agency BD-RjUL
Language of cataloging eng
Transcribing agency BD-RjUL
041 ## - LANGUAGE CODE
Language code of text/sound track or separate title ben
082 ## - DEWEY DECIMAL CLASSIFICATION NUMBER
Edition number 23
Classification number 891.443
Author mark and year MIB 2020
100 ## - MAIN ENTRY--PERSONAL NAME
Personal name মিরবর, কল্যাণ
9 (RLIN) 3839
245 ## - TITLE STATEMENT
Title বাংলাদেশের উপন্যাস :
Remainder of title (১৯৭১-১৯৮৭) /
Statement of responsibility, etc. কল্যাণ মিরবর
260 ## - PUBLICATION, DISTRIBUTION, ETC. (IMPRINT)
Place of publication, distribution, etc. ঢাকা :
Name of publisher, distributor, etc. জাতীয় সাহিত্য প্রকাশ :
Date of publication, distribution, etc. ২০২০
300 ## - PHYSICAL DESCRIPTION
Pagination ৪৪৬ পৃ.;
Size ২২ সেমি.
650 ## - SUBJECT ADDED ENTRY--TOPICAL TERM
Topical term or geographic name as entry element বাংলা উপন্যাস
Topical term or geographic name as entry element Bengali novels
942 ## - ADDED ENTRY ELEMENTS (KOHA)
Source of classification or shelving scheme Dewey Decimal Classification
Koha item type Books
Holdings
Lost status Source of classification or shelving scheme Damaged status Not for loan Collection code Permanent Location Current Location Shelving location Date acquired Source of acquisition Cost, normal purchase price Total Checkouts Full call number Date last seen Copy number Koha item type Date checked out
  Dewey Decimal Classification   Not For Loan Fiction Central Library, University of Rajshahi Central Library, University of Rajshahi Reading Room 18/04/2022 Jatiya Sahitya Prakash, Dhaka 490.00   B 891.443 MIB 2020 23/06/2022 C-1 Books  
  Dewey Decimal Classification     Fiction Central Library, University of Rajshahi Central Library, University of Rajshahi General Stacks 18/04/2022 Jatiya Sahitya Prakash, Dhaka 490.00 2 B 891.443 MIB 2020 04/05/2026 C-2 Books 23/04/2026